New subspecies of harvest mouse, Reithrodontomys gracilis, from isla del Carmen, Campeche (Registro nro. 11552)

Detalles MARC
000 -CABECERA
Campo de control 005930000a22001690004500
090 ## - CLASIFICACIÓN LOCAL
Colección AR
Consecutivo 02485
041 0# - IDIOMA
Código de idioma para texto/pista de sonido o título separado
100 1# - ASIENTO PRINCIPAL--NOMBRE PERSONAL
Nombre personal Jones, J. Knox
245 10 - MENCION DE TITULO
Título New subspecies of harvest mouse, Reithrodontomys gracilis, from isla del Carmen, Campeche
650 14 - ASIENTO SECUNDARIO DE MATERIA - TERMINO TEMATICO
Término temático o nombre geográfico como elemento de entrada Taxonomía animal
650 14 - ASIENTO SECUNDARIO DE MATERIA - TERMINO TEMATICO
Término temático o nombre geográfico como elemento de entrada Roedores
650 14 - ASIENTO SECUNDARIO DE MATERIA - TERMINO TEMATICO
Término temático o nombre geográfico como elemento de entrada Nuevas subespecies
651 #4 - ASIENTO SECUNDARIO DE MATERIA - NOMBRE GEOGRAFICO
-- Isla del Carmen
-- Campeche
-- México
653 ## - TERMINO DE INDIZACION - NO CONTROLADO
-- Reithrodontomys
-- Reithrodontomys gracilis
773 1# - Item fuente:
Título Proceedings of the Biological Society of Washington
Especificación de materiales 41
Paginas del Articulo 123-124
Lugar, editorial y fecha de publicación 1964
Información sobre la relación 77
942 ## - ELEMENTOS ADICIONALES (KOHA)
Tipo de ítem Artículo
Existencias
Withdrawn status Lost status Damaged status No para préstamo Colección Ubicación Permanente Ubicación actual Fecha de adquisición Fuente de Valor Datos de publicación Seriada Total Checkouts Número topográfico Inventario / Código de Barras Date last seen Ejemplar Price effective from Forma de adquisición Tipo de material
      No para Préstamo Hemeroteca Bogotá Bogotá 27/02/2015 INCIVA Fuera de circulación   AR 02485 012894 25/03/2015 1 25/03/2015   Artículo